000 00920nam a22002537a 4500
001 9725
003 FISKH
005 20260130121421.0
008 260130b cb ||||| |||| 00| 0 eng d
020 _a9780241476178
040 _aFISKH
_beng
_cFISKH
_dFISKH
050 _aPZ7 .B26225
082 _a813.6
100 _aBarnes, Jennifer Lynn
245 _aThe inheritance games /
_cJennifer Lynn Barnes
250 _aThis edition published in 2023.
260 _aUnited Kingdom ;
_bPenguin Books,
_c2020
300 _a364 pages :
_c20 cm
490 _aThe Inheritance Games :
_vBook One
520 _aWhen a Connecticut teenager inherits vast wealth and an eccentric estate from the richest man in Texas, she must also live with his surviving family and solve a series of puzzles to discover how she earned her inheritance.
650 _aMystery
_vFiction
_xContemporary
942 _2ddc
_cBK
_n0
999 _c9725
_d9725